Biblioteca de México : número 52 : julio-agosto de 1999 /
Gorde:
| Beste egile batzuk: | , , |
|---|---|
| Formatua: | Liburua |
| Hizkuntza: | gaztelania |
| Argitaratua: |
México :
Biblioteca de México,
1999
|
| Saila: | (Biblioteca de México ;
52) |
| Gaiak: | |
| Etiketak: |
Etiketarik gabe, Izan zaitez lehena erregistro honi etiketa jartzen!
|
MARC
| LEADER | 00000nam^a2200000^a^4500 | ||
|---|---|---|---|
| 001 | 000629797 | ||
| 005 | 20260408000000.0 | ||
| 009 | 20260409133035.941 | ||
| 022 | |a 0188-476X | ||
| 037 | |a Acervo ITESO - Biblioteca | ||
| 041 | |a ESP | ||
| 082 | |a 805. |b BDM V. 52 | ||
| 240 | 1 | 1 | |a [Biblioteca de México] |
| 245 | 0 | 0 | |a Biblioteca de México : |b número 52 : julio-agosto de 1999 / |c Dir. de E. Lizalde ; ed. de J. Moreno Villarreal ; ed. asociado R. Vargas. |
| 264 | 1 | |a México : |b Biblioteca de México, |c 1999 | |
| 300 | |a 64 p. | ||
| 336 | |a texto |b txt |2 rdacontenido | ||
| 337 | |a sin mediación |b n |2 rdamedio | ||
| 338 | |a volumen |b nc |2 rdasoporte | ||
| 440 | 1 | |a (Biblioteca de México ; |v 52) | |
| 567 | |a Catalogación rápida | ||
| 586 | |a Premio Nobel de Literatura 1929: Biografías, crítica e interpretación | ||
| 586 | |a Premio Nobel de Literatura 1948: Biografías, crítica e interpretación | ||
| 586 | |a Premio Nacional de Ciencias y Artes, categoría Lingüística y Literatura (23°: 1972) | ||
| 586 | |a Premio Nacional de Ciencias y Artes, categoría Lingüística y Literatura (39°: 1988) | ||
| 649 | |a XX | ||
| 650 | |a Bibliotecas Públicas - |z México (Ciudad) - |x Publicaciones Periódicas - |x Tema Principal | ||
| 650 | |a Bibliotecas Públicas - |z México - |x Publicaciones Periódicas | ||
| 650 | |a Bibliotecas - |z México (Ciudad) - |x Publicaciones Periódicas | ||
| 650 | |a Bibliotecas - |z México - |x Publicaciones Periódicas | ||
| 650 | |a Literatura - |x Publicaciones Periódicas Mexicanas - |x Tema Principal | ||
| 650 | |a Publicaciones Periódicas Mexicanas | ||
| 650 | |a Publicaciones Periódicas | ||
| 700 | |a Lizalde, Eduardo |e (dirección) | ||
| 700 | |a Moreno Villarreal, Jaime |e (edición) | ||
| 700 | |a Vargas, Rafael |e (edición) | ||
| 910 | |a Fondo Castillo-Martínez | ||
| 920 | |a Impresos - Libros | ||
| 930 | |a Fondos Especiales | ||
| 940 | |a Literatura | ||
| 905 | |a 127 | ||
| 901 | |a 629797-10 |b IT2 |c ESP |i D124081 |u 20260408 | ||
| 902 | |a https://opac.biblio.iteso.mx/vufind/Record/000629797 | ||